[Event "FRA-chT4 Nord-Pas-de-Calais 0910"]
[Site "France"]
[Date "2009.12.13"]
[Round "4.2"]
[White "Renard, Stephane"]
[Black "Houssin, Vianney"]
[Result "1-0"]
[WhiteElo "1971"]
[BlackElo "1897"]
[PlyCount "105"]
[EventDate "2009.10.04"]
[EventType "team-tourn"]
[EventRounds "7"]
[EventCountry "FRA"]
[SourceTitle "EXT 2019"]
[Source "ChessBase"]
[SourceDate "2018.10.10"]
[SourceVersion "1"]
[SourceVersionDate "2018.10.10"]
[SourceQuality "1"]

1. f4 d5 2. Nf3 Nf6 3. b3 c5 4. e3 Nc6 5. Bb5 Bg4 6. Bxc6+ bxc6 7. Bb2 e6 8. 0-0 Bd6 9. d3 Bxf3 10. Rxf3 Qc7 11. Rg3 0-0-0 12. Rxg7 e5 13. Nd2 Ne8 14. fxe5 Bxe5 15. Bxe5 Qxe5 16. Rxf7 Qxe3+ 17. Kh1 Nc7 18. Qg4+ Kb8 19. Qf4 Qxf4 20. Rxf4 Rde8 21. Raf1 Re2 22. R4f2 Rhe8 23. g4 Kc8 24. Kg2 Kd7 25. h4 Rxf2+ 26. Rxf2 Ne6 27. Kg3 Nd4 28. Nf3 Ne2+ 29. Kg2 h6 30. g5 hxg5 31. Nxg5 Re3 32. Rf7+ Re7 33. Kf2 Nd4 34. c4 Rxf7+ 35. Nxf7 Ke6 36. Nd8+ Kf5 37. Nb7 Ne6 38. Kf3 Nd4+ 39. Ke3 Nc2+ 40. Kd2 Nd4 41. Nxc5 dxc4 42. dxc4 Nf3+ 43. Kc3 Nxh4 44. Kb4 Ke5 45. Nb7 Kd4 46. Na5 c5+ 47. Kb5 Nf5 48. Nc6+ Kc3 49. Nxa7 Kb2 50. Kxc5 Kxa2 51. b4 Kb3 52. b5 Ne3 53. b6 1-0

[Event "Nord Pas de Cal-chT"]
[Site "Lille"]
[Date "2004.??.??"]
[Round "2.14"]
[White "Morelle, Didier"]
[Black "Houssin, Vianney"]
[Result "1/2-1/2"]
[WhiteElo "1700"]
[BlackElo "1560"]
[PlyCount "121"]
[EventDate "2004.04.??"]
[EventType "team-swiss"]
[EventRounds "7"]
[EventCountry "FRA"]
[SourceTitle "EXT 2005"]
[Source "ChessBase"]
[SourceDate "2004.11.15"]
[SourceVersion "1"]
[SourceVersionDate "2004.11.15"]
[SourceQuality "1"]

1. e4 c5 2. c4 Nc6 3. Nc3 d6 4. Nf3 Bg4 5. Be2 e6 6. d3 Be7 7. Nd2 Bxe2 8. Nxe2 Nf6 9. 0-0 0-0 10. Nf3 h6 11. Bf4 Qb6 12. e5 dxe5 13. Nxe5 Nxe5 14. Bxe5 Rfd8 15. Qc2 Ng4 16. Bc3 Qd6 17. Ng3 Qxd3 18. Qb3 Qd7 19. Rad1 Qc7 20. h3 Nf6 21. Rfe1 b6 22. Qc2 Rxd1 23. Rxd1 Rd8 24. Rxd8+ Qxd8 25. Ne4 Nxe4 26. Qxe4 Qd1+ 27. Kh2 Bd6+ 28. g3 Qf1 29. Qf3 Qxc4 30. Qa8+ Kh7 31. Qb7 e5 32. Qd7 Qe6 33. Qxa7 Be7 34. Qa6 Bf6 35. a3 e4 36. Bxf6 Qxf6 37. Qe2 Qf3 38. Qxf3 exf3 39. g4 Kg6 40. Kg3 Kf6 41. Kxf3 Ke5 42. Ke3 g5 43. b3 Kd5 44. Kd3 f6 45. a4 Ke5 46. Kc4 Kd6 47. Kb5 Kc7 48. b4 cxb4 49. Kxb4 Kc6 50. Kc4 Kd6 51. Kb5 Kc7 52. Ka6 Kc6 53. Ka7 b5 54. axb5+ Kxb5 55. Kb7 Kc5 56. Kc7 Kd5 57. Kd7 Ke5 58. Ke7 f5 59. Kf7 fxg4 60. hxg4 Kf4 61. Kg6 1/2-1/2

[Event "Bethune op-B 24th"]
[Site "Bethune"]
[Date "2003.12.29"]
[Round "6"]
[White "Houssin, Vianney"]
[Black "Coudenis, Christian"]
[Result "1/2-1/2"]
[WhiteElo "1480"]
[BlackElo "1640"]
[PlyCount "87"]
[EventDate "2003.12.26"]
[EventType "swiss"]
[EventRounds "9"]
[EventCountry "FRA"]
[SourceTitle "EXT 2005"]
[Source "ChessBase"]
[SourceDate "2004.11.15"]
[SourceVersion "1"]
[SourceVersionDate "2004.11.15"]
[SourceQuality "1"]

1. d4 d5 2. c4 e6 3. Nc3 Nf6 4. Bg5 Nbd7 5. e3 Be7 6. Nf3 0-0 7. Qc2 c6 8. Bd3 dxc4 9. Bxc4 Nd5 10. Bxe7 Qxe7 11. 0-0 h6 12. a3 c5 13. Rfd1 N5b6 14. Ne4 Nxc4 15. Qxc4 cxd4 16. Qxd4 Nf6 17. Rac1 Nxe4 18. Qxe4 Rd8 19. h3 Rxd1+ 20. Rxd1 Qc7 21. Qd3 b6 22. Qd8+ Qxd8 23. Rxd8+ Kh7 24. Rf8 f6 25. Nd4 e5 26. Nc6 a5 27. Ne7 Bb7 28. Rxa8 Bxa8 29. Nc8 b5 30. b4 axb4 31. axb4 Be4 32. Nd6 Bd3 33. Nb7 Kg6 34. Nc5 Bc4 35. f3 Kf7 36. Kf2 f5 37. g3 g5 38. f4 gxf4 39. gxf4 e4 40. h4 Kg6 41. Nd7 Kh5 42. Kg3 Be6 43. Ne5 Bc4 44. Nc6 1/2-1/2

[Event "Bethune op-B 24th"]
[Site "Bethune"]
[Date "2003.12.28"]
[Round "4"]
[White "Houssin, Vianney"]
[Black "Pruvost, Stephane"]
[Result "0-1"]
[WhiteElo "1480"]
[BlackElo "1780"]
[PlyCount "80"]
[EventDate "2003.12.26"]
[EventType "swiss"]
[EventRounds "9"]
[EventCountry "FRA"]
[SourceTitle "EXT 2005"]
[Source "ChessBase"]
[SourceDate "2004.11.15"]
[SourceVersion "1"]
[SourceVersionDate "2004.11.15"]
[SourceQuality "1"]

1. d4 d5 2. c4 dxc4 3. Nf3 Nf6 4. Nc3 c6 5. e3 b5 6. a4 Bd7 7. axb5 cxb5 8. Ne5 e6 9. Nxd7 Qxd7 10. Qf3 Nd5 11. Bd2 Bb4 12. Be2 0-0 13. 0-0 Nc6 14. Rfd1 a6 15. Qh3 Ra7 16. Bf3 Rd8 17. Be4 g6 18. Qf3 Bxc3 19. bxc3 f5 20. Bxd5 exd5 21. Ra2 a5 22. Rda1 a4 23. h4 Na5 24. Qe2 Nb3 25. Rb1 Qe7 26. h5 Qe4 27. Rbb2 Rc8 28. hxg6 hxg6 29. Rc2 Rh7 30. f3 Qh4 31. Be1 Qh2+ 32. Kf2 Kg7 33. Qf1 Re8 34. Ke2 Qf4 35. Bf2 Qg5 36. g3 Rh2 37. Kd1 Reh8 38. Re2 Rh1 39. Bg1 R8h3 40. f4 Qg4 0-1

[Event "FRA-ch du Nord"]
[Site "France"]
[Date "2003.04.14"]
[Round "5"]
[White "Dupont, Daniel Noel"]
[Black "Houssin, Vianney"]
[Result "1/2-1/2"]
[WhiteElo "1500"]
[BlackElo "1470"]
[PlyCount "83"]
[EventDate "2003.04.12"]
[EventType "swiss"]
[EventRounds "7"]
[EventCountry "FRA"]
[SourceTitle "EXT 2008"]
[Source "ChessBase"]
[SourceDate "2007.11.25"]
[SourceVersion "1"]
[SourceVersionDate "2007.11.25"]
[SourceQuality "1"]

1. e4 b6 2. c4 Bb7 3. Nc3 e5 4. d3 Bc5 5. Nf3 Nc6 6. a3 f6 7. Be3 Bxe3 8. fxe3 Nge7 9. b4 Ng6 10. d4 d6 11. d5 Nce7 12. Bd3 Bc8 13. 0-0 Bd7 14. Bc2 Rb8 15. Ba4 0-0 16. Bxd7 Qxd7 17. b5 Rf7 18. a4 a5 19. Rf2 Rbf8 20. Qc2 Qg4 21. Ne2 f5 22. exf5 Qxf5 23. e4 Qg4 24. h3 Qh5 25. Ng3 Qh6 26. Qe2 Nh4 27. Raf1 Nxf3+ 28. Rxf3 Rxf3 29. Rxf3 Qc1+ 30. Kh2 Rxf3 31. gxf3 Qf4 32. Kg2 Ng6 33. Nf5 Qxf5 34. exf5 Nf4+ 35. Kf2 Nxe2 36. Kxe2 Kf7 37. Ke3 Kf6 38. Ke4 Kg5 39. h4+ Kf6 40. f4 exf4 41. Kxf4 h6 42. h5 1/2-1/2

[Event "FRA-ch du Nord"]
[Site "France"]
[Date "2003.04.13"]
[Round "2"]
[White "Viard, Victor"]
[Black "Houssin, Vianney"]
[Result "0-1"]
[WhiteElo "1150"]
[BlackElo "1470"]
[PlyCount "114"]
[EventDate "2003.04.12"]
[EventType "swiss"]
[EventRounds "7"]
[EventCountry "FRA"]
[SourceTitle "EXT 2008"]
[Source "ChessBase"]
[SourceDate "2007.11.25"]
[SourceVersion "1"]
[SourceVersionDate "2007.11.25"]
[SourceQuality "1"]

1. e4 e6 2. d4 d5 3. exd5 Qxd5 4. Nc3 Qa5 5. Nf3 Nf6 6. Ne5 Bb4 7. Bd2 Nbd7 8. Nc4 Qa6 9. Ne3 Qd6 10. Nb5 Bxd2+ 11. Qxd2 Qb6 12. Qc3 c5 13. 0-0-0 a6 14. dxc5 Nxc5 15. Nd6+ Ke7 16. Nec4 Qc7 17. g3 Nce4 18. Qb4 Nd5 19. Qa3 Nxd6 20. Bg2 Qxc4 21. Rhe1 Qb4 22. Qf3 Nf6 23. g4 Qxg4 24. Qa3 Rd8 25. Bf1 Qf4+ 26. Kb1 Bd7 27. f3 Bc6 28. Bg2 Rac8 29. c3 Bxf3 30. Bxf3 Qxf3 31. Rg1 Qf5+ 32. Kc1 g6 33. Rgf1 Qc5 34. Qb3 Qb5 35. Qc2 Nc4 36. b3 Na3 37. Qb2 Qg5+ 38. Rd2 Rxd2 39. Qxd2 Rxc3+ 40. Kd1 Qxd2+ 41. Kxd2 Rc2+ 42. Kd3 Rxh2 43. Rc1 Rc2 44. Rxc2 Nxc2 45. Kxc2 h5 46. a4 h4 47. b4 b5 48. axb5 axb5 49. Kd2 h3 50. Ke2 h2 51. Kf2 h1Q 52. Ke3 Qe4+ 53. Kf2 Qd3 54. Ke1 Qc2 55. Kf1 Ng4 56. Kg1 Qf2+ 57. Kh1 Qh2# 0-1